Return of the wild : The future of our natural lands

This first annual edition is both an inspiring and thoughtful introduction to wilderness subjects for the general public and an invaluable reference for legislators, the media, and conservation organizations. It is an essential new contribution to wilderness preservation efforts.

Sparad:
Bibliografiska uppgifter
Materialtyp: Bok
Språk:Undetermined
Publicerad: Washington Island Press 2001
Ämnen:
Taggar: Lägg till en tagg
Inga taggar, Lägg till första taggen!
Thư viện lưu trữ: Trung tâm Học liệu Trường Đại học Cần Thơ
LEADER 00870nam a2200217Ia 4500
001 CTU_125877
008 210402s9999 xx 000 0 und d
020 |c 35 
082 |a 333.7820973 
082 |b R439 
245 0 |a Return of the wild : 
245 4 |b The future of our natural lands 
245 0 |c Edited by Ted Kerasote 
260 |a Washington 
260 |b Island Press 
260 |c 2001 
520 |a This first annual edition is both an inspiring and thoughtful introduction to wilderness subjects for the general public and an invaluable reference for legislators, the media, and conservation organizations. It is an essential new contribution to wilderness preservation efforts. 
650 |a Wilderness areas,Nature conservation 
650 |z United States,United States 
904 |i Giang 
980 |a Trung tâm Học liệu Trường Đại học Cần Thơ